| 000 | 00802nam a2200265Ia 4500 | ||
|---|---|---|---|
| 003 | OSt | ||
| 005 | 20220918163809.0 | ||
| 006 | a|||||r|||| 00| 0 | ||
| 007 | ta | ||
| 008 | 220917b |||||||| |||| 00| 0 eng d | ||
| 020 | _a0300082002 (hbk) | ||
| 024 | _a176,791 | ||
| 037 | _cTextual | ||
| 040 |
_aARTS _cARTS _beng |
||
| 041 |
_2eng _aeng |
||
| 082 | _aS:44, P0 (SC) | ||
| 100 |
_aBurley Walter _915460 |
||
| 245 | 0 |
_aOn the purity of the art of logic _b the shorter and the longer treatises translated by Paul Vincent Spade |
|
| 260 |
_aNew Haven _bYale University of Press _c2000 |
||
| 300 |
_axxv, 323p. _ccm. |
||
| 490 | _aYale library of medieval philosophy | ||
| 650 | _aPSYCHOLOGY | ||
| 942 |
_hS:44, P0 (SC) _cTEXL _2CC |
||
| 999 |
_c121615 _d121615 |
||